<?xml version="1.0" encoding="UTF-8"?>
<record
    xmlns:xsi="http://www.w3.org/2001/XMLSchema-instance"
    xsi:schemaLocation="http://www.loc.gov/MARC21/slim http://www.loc.gov/standards/marcxml/schema/MARC21slim.xsd"
    xmlns="http://www.loc.gov/MARC21/slim">

  <leader>01837nam a2200313 a 4500</leader>
  <controlfield tag="001">BRCA_2961</controlfield>
  <controlfield tag="005">20190320204039.0</controlfield>
  <controlfield tag="008">171208s1905----gw-#---###---#000-0dger-u</controlfield>
  <datafield tag="041" ind1=" " ind2=" ">
    <subfield code="a">ger</subfield>
  </datafield>
  <datafield tag="044" ind1=" " ind2=" ">
    <subfield code="a">gw</subfield>
  </datafield>
  <datafield tag="084" ind1=" " ind2=" ">
    <subfield code="a">302</subfield>
    <subfield code="b">.H478</subfield>
    <subfield code="c">1905</subfield>
  </datafield>
  <datafield tag="100" ind1="1" ind2=" ">
    <subfield code="a">Cervantes Saavedra, Miguel de</subfield>
    <subfield code="d">1547-1616</subfield>
    <subfield code="9">213</subfield>
  </datafield>
  <datafield tag="245" ind1="1" ind2="0">
    <subfield code="a">Leben und Tathen des scharfsinnigen Edlen Don Quixote von la Mancha</subfield>
    <subfield code="c">von Miguel de Cervantes Saavedra.</subfield>
  </datafield>
  <datafield tag="260" ind1=" " ind2=" ">
    <subfield code="a">Leipzig (Alemania)</subfield>
    <subfield code="b">Max Hesses</subfield>
    <subfield code="c">[1905?]</subfield>
  </datafield>
  <datafield tag="300" ind1=" " ind2=" ">
    <subfield code="a">2 v.</subfield>
    <subfield code="c">27 cm.</subfield>
  </datafield>
  <datafield tag="500" ind1=" " ind2=" ">
    <subfield code="a">Contenido : v 1. Primera parte. Retrato de Cervantes. Prefacio. Vida y obra del autor por W. von Wurzbach. Dedicatoria del autor. Pr&#xF3;logo del autor. Versos preliminares. Texto. -- v 2. Segunda parte. Dedicatoria del autor. Pr&#xF3;logo del autor. Texto</subfield>
  </datafield>
  <datafield tag="500" ind1=" " ind2=" ">
    <subfield code="a">Edici&#xF3;n : &#xDC;bersetzt von Ludwig Tieck. Jubil&#xF6;ums-Ausgabe in 4 B&#xE4;ndem mit I Titelbild. Mit einer biographisch-kritischen Einleitung und erkl&#xE4;renden Anmerkungen von Wolfgang von Wurzbach</subfield>
  </datafield>
  <datafield tag="500" ind1=" " ind2=" ">
    <subfield code="a">Reproducci&#xF3;n de la traducci&#xF3;n de L. Tieck, con una introducci&#xF3;n biogr&#xE1;fico-cr&#xED;tica bastante extensa y bien hecha por Wolfgang von Wurzbach, de quien son asimismos las notas. Edici&#xF3;n muy bien impresa, publicada con motivo del tercer centenario de la publicaci&#xF3;n del Quijote (primera parte). Tela; lomeras y cubiertas decoradas con adornos en dorado y negro L&#xFA;dovik Osterc</subfield>
  </datafield>
  <datafield tag="500" ind1=" " ind2=" ">
    <subfield code="a">QM1111</subfield>
  </datafield>
  <datafield tag="546" ind1=" " ind2=" ">
    <subfield code="a">Texto en : alem&#xE1;n</subfield>
  </datafield>
  <datafield tag="650" ind1="1" ind2="4">
    <subfield code="a">Novela espa&#xF1;ola</subfield>
    <subfield code="y">&#xC9;poca cl&#xE1;sica, 1500-1700</subfield>
    <subfield code="9">215</subfield>
  </datafield>
  <datafield tag="650" ind1="1" ind2="4">
    <subfield code="a">Literatura espa&#xF1;ola</subfield>
    <subfield code="y">&#xC9;poca cl&#xE1;sica, 1500-1700</subfield>
    <subfield code="9">216</subfield>
  </datafield>
  <datafield tag="650" ind1="1" ind2="4">
    <subfield code="a">Novela espa&#xF1;ola</subfield>
    <subfield code="y">Siglo XVII</subfield>
    <subfield code="9">217</subfield>
  </datafield>
  <datafield tag="650" ind1="1" ind2="4">
    <subfield code="a">Don Quijote (Personaje ficticio)</subfield>
    <subfield code="e">Novela</subfield>
    <subfield code="9">218</subfield>
  </datafield>
  <datafield tag="700" ind1="1" ind2=" ">
    <subfield code="a">Tieck, Johann Ludwig</subfield>
    <subfield code="d">1773-1853</subfield>
    <subfield code="e">Traductor</subfield>
    <subfield code="9">8219</subfield>
  </datafield>
  <datafield tag="740" ind1="0" ind2=" ">
    <subfield code="a">El Ingenioso Hidalgo Don Quijote de la Mancha</subfield>
  </datafield>
  <datafield tag="902" ind1=" " ind2=" ">
    <subfield code="a">QFM</subfield>
  </datafield>
  <datafield tag="942" ind1=" " ind2=" ">
    <subfield code="2">lcc</subfield>
    <subfield code="c">B</subfield>
  </datafield>
  <datafield tag="999" ind1=" " ind2=" ">
    <subfield code="c">2700</subfield>
    <subfield code="d">2700</subfield>
  </datafield>
  <datafield tag="952" ind1=" " ind2=" ">
    <subfield code="0">0</subfield>
    <subfield code="1">0</subfield>
    <subfield code="4">0</subfield>
    <subfield code="7">0</subfield>
    <subfield code="a">BRCA</subfield>
    <subfield code="b">BRCA</subfield>
    <subfield code="d">2008-12-17</subfield>
    <subfield code="i">QM1111</subfield>
    <subfield code="l">0</subfield>
    <subfield code="o">302 .H478 1905 (QM1111)</subfield>
    <subfield code="p">2958</subfield>
    <subfield code="r">2019-03-22 00:00:00</subfield>
    <subfield code="w">2019-03-22</subfield>
    <subfield code="y">B</subfield>
  </datafield>
</record>
